000 00536nam a22001817a 4500
005 20251108171011.0
008 250721s1983 xx 000 0 ara d
082 1 4 _aم/217.5/بهو
100 1 _aالبهوتي، منصور بن يونس بن إدريس
245 1 0 _aكشاف القناع عن متن الإقناع /
264 1 _aبيروت :
_bعالم الكتب،
_c1983.
300 _a
650 1 7 _aالإسلام
650 1 7 _aفقه
650 1 7 _aالمذهب الحنبلي
942 _2ddc
_cREF
999 _c54063
_d54063